| 000 | 00000nam 2200000za 4500 |
| 001 | 9.641057 |
| 003 | CaOODSP |
| 005 | 20250506145323 |
| 007 | cr ||||||||||| |
| 008 | 150407s1990||||onca|||#o f000 0 fre d |
| 020 | |ql'édition imprimée bilingue |z0-662-57918-6 |
| 040 | |aCaOODSP|bfre |
| 043 | |an-cn--- |
| 086 | 1 |aA61-13/1990F-PDF|zAG1-13/1990 |
| 110 | 1 |aCanada.|bAgriculture Canada. |
| 245 | 10|aHygiène vétérinaire |h[ressource électronique] : |brevue |
| 250 | |aSixième édition |
| 260 | |aOttawa : |bAgriculture Canada, |cc1990. |
| 300 | |a70p.|bgraphiques, carte, organigramme, tableaux, photographies |
| 500 | |aPublié aussi en anglais sous le titre : Health of animals : overview. |
| 590 | |a12-43-Supp|b2012-12-07 |
| 691 | 07|aSanté animale|2gcpds |
| 775 | 08|tHealth of animals |w(CaOODSP)9.696982 |
| 776 | 0#|tHealth of animals: overview / |w(CaOODSP)9.654673 |
| 776 | 0#|tHygiène vétérinaire: revue / |w(CaOODSP)9.654674 |
| 856 | 40|ahttp://publications.gc.ca|qPDF|s4.84 Mo|uhttps://publications.gc.ca/collections/collection_2012/agr/A61-13-1990-fra.pdf |
| 986 | |aPublication 5245 B |